Role of E-governance in good governance: A study of Rohtak district in the state of Haryana (Record no. 393584)

MARC details
000 -LEADER
fixed length control field 00510nam a22001697a 4500
005 - DATE & TIME
control field 20251014154337.0
008 - FIXED-LENGTH DATA ELEMENTS--GENERAL INFORMATION
fixed length control field 251014b |||||||| |||| 00| 0 eng d
040 ## - CATALOGING SOURCE
Original cataloging agency VIVEKANANDA LIBRARY
082 ## - DDC NUMBER
Classification number 320.954
Book Number N229R
100 ## - MAIN ENTRY--PERSONAL NAME
Personal name Naveen
245 ## - TITLE STATEMENT
Title Role of E-governance in good governance: A study of Rohtak district in the state of Haryana
260 ## - PUBLICATION, DISTRIBUTION, ETC. (IMPRINT)
Name of publisher, distributor, etc Department of Political Science, M D University, Rohtak
Date of publication, distribution, etc 2025
300 ## - PHYSICAL DESCRIPTION
Pages vi, 175
650 ## - Subject
Subject Political Science
700 ## - Added Entry Personal Name
Added Entry Personal Name Sharma, Rajendra
942 ## - ADDED ENTRY ELEMENTS (KOHA)
Koha item type Thesis
Holdings
Withdrawn status Lost status Source of classification or shelving scheme Damaged status Not for loan Location (home branch) Sublocation or collection (holding branch) Shelving location Date acquired Koha issues (times borrowed) Koha full call number Accession No. Koha date last seen Copy number Koha item type
    Dewey Decimal Classification     VIVEKANANDA LIBRARY VIVEKANANDA LIBRARY Vivekananda Library 14/10/2025   320.954 N229R 411200 14/10/2025 R Thesis
© Designed and Maintained by Vivekananda Library, MDU Rohtak